000 00854nam a22002654a 4500
001 18930
003 BD-RjUL
005 20211209000346.0
008 140222s2006 ii a b 001 0 eng d
020 _a8120328256
035 _a(BD-RjUL)18988
040 _aDLC
_cDLC
_dYDX
_dBAKER
_dIXA
_dBD-RjUL
_beng
041 _aeng
082 0 0 _a658.8
_223
_bKOP 2006
100 1 _aKotler, Philip.
_91938
245 1 0 _aPrinciples of marketing /
_cPhilip Kotler, Gary Armstrong.
250 _a11th ed. , Indian Reprint ed. , Eastern Econimy ed.
260 _aNew Delhi :
_bPrentice-Hall of India ,
_cc2006
300 _axviii, 651, [A-1]-I-20 p. :
_bill. ;
_c29 cm.
504 _aIncludes bibliographical references and index.
650 0 _aMarketing.
_958381
700 1 _aArmstrong, Gary, Jt. auth.
_9238612
942 _2ddc
_cBK
999 _c18930
_d18930